000
00238nam a2200097Ia 4500
001
1077735
005
20250827002321.0
008
250824s9999 xx 000 0 und d
245
0
_a
ZAMANDA YOLCULUK
_c
TRACEY WEST
260
_b
BETA YAYINLARI
999
_c
1077735
_d
1077735